000 00681nam a22002417a 4500
003 UA-OsUOA
001 80114
007 ta
008 20111129b un ||||| |||| 00| 0 ukr d
100 _aЛаврин А.
090 _a340.62(091)
_bЛ13
942 _cBK
040 _aUA-OsUOA
_brus
_cUA-OsUOA
_dUA-OsUOA
245 _aТысяча и одна смерть
300 _a416 с.
955 _a4
041 _arus
080 _a340.62(091)
020 _a5-86638-001-3
260 _aМ.
_bРетекс
_c1991
650 7 _a340 Право в цілому. Пропедевтика. Методи та допоміжні правничі науки
_2UDC
999 _c366426
_d366426